Отчет по Харьковскому учебному округу за 1814 год

Доступно только в Электронных читальных залах Найти на картеНа карте
RUSMARC
00003902nmc2a2200000 x 450
001fe9e71be-4423-46e2-9678-e216fe98fea6
00520160711104637.0
100##$a20150708l18141815k l0rusy0189 ca
1010#$arus
102##$aRU
2001#$aОтчет по Харьковскому учебному округу за 1814 год
$j1814-1815 гг.
$hЧасть 3
251##$cДело
300##$aДело
300##$aОриг. заголовок дела: Отчеты о состоянии учебных заведений Харьковского учебного округа за 1814 год. Часть 3
801#0$aRU
$bРГИА
$c20150708
$gRCR
801#1$aRU
$bГлавНИВЦ
$c20150708
$2rusmarc
801#2$aRU
$bПБ им. Б.Н. Ельцина
$c20160711
$gRCR
$2rusmarc
850##$aРГИА
852##$aРГИА
$eФедеральное казенное учреждение "Российский государственный исторический архив" (РГИА)
$j648
937##$hРГИА
$d11786154
$aASBIBLIO_SCAN
462#0$1001fd6b21ee-d87a-47e3-a853-b37a42a57f1e
$12001
$aОтчеты научных учреждений и учебных округов Департамента народного просвещения
$1251
$cОпись
$1852
$j95
461#0$1001a74412a3-3cc5-4d21-8f0a-dfe2fbd9e72d
$12001
$aДепартамент народного просвещения Министерства народного просвещения (1803-1917)
$1251
$cФонд
$1852
$j733
215##$a159 л.
$d36,5x26 см
371##$aДокумент не является опубликованным и широко распространяемым
105##$aу###
1222#$ad
5171#$aОтчеты о состоянии учебных заведений Харьковского учебного округа за 1814 год. Часть 3
035##$afe9e71be-4423-46e2-9678-e216fe98fea6
Формат отображения